000 00286nam a2200109Ia 4500
008 190911s9999||||xx |||||||||||||| ||und||
100 _aIslami Nazreyati
245 0 _aIslam Aur Inteha Pasandi : Aik Tajziyati Mutala
260 _aIslamabad
_bRoyal Book
_c2009
300 _a182
942 _cBK
999 _c6661
_d6661